| 000 | 00352nam a22001457a 4500 | ||
|---|---|---|---|
| 003 | SGT | ||
| 020 | _a9789351453239 | ||
| 082 | _a344,MAL | ||
| 100 | _aMALIK,S, P.L. | ||
| 245 | _aHANDBOOK OF LABOUR AND INDUSTRIAL LAW | ||
| 260 |
_aLACKNOW _bEASTERN BOOK COMPANY _c2016 |
||
| 300 | _a1448 | ||
| 650 | _a LABOUR AND INDUSTRIAL LAW | ||
| 942 |
_2ddc _cBK _01 |
||
| 999 |
_c10268 _d10268 |
||